000 00493nam a22001817a 4500
005 20251204151911.0
010 _aENG-147216
020 _c250.00
_a9789390132447
035 _aEN-130748
037 _bDBAD
082 _a181.46
_21
100 _aSirshree
_985855
245 _aHeal Your Depression:
_bBe Your Own Counselor/
_cSirshree
250 _a1
260 _aDelhi
_bWow Publishings Pvt Ltd
_c2024
300 _a162p.
_c21cm(pb)
942 _2ddc
_cEN
_h181.46
_mSIR
_e1
999 _c213838
_d213838